Jizva /
Román z česko-polského pomezí se sice odehrává v současnosti, zároveň ale připomíná tragické události, které se v období druhé světové války odehrály v Životicích, obci, která je dnes součástí Havířova.
Uloženo v:
| Hlavní autor: | |
|---|---|
| Další autoři: | , |
| Médium: | E-audiokniha |
| Jazyk: | Czech |
| Vydáno: |
Praha :
Voxi,
[2022]
|
| Témata: | |
| Tagy: |
Žádné tagy |
| LEADER | 03852nim a2200793 i 4500 | ||
|---|---|---|---|
| 001 | 313131 | ||
| 003 | CZ PrSKC | ||
| 005 | 20260601215736.0 | ||
| 007 | sd fungnnmmned | ||
| 008 | 221021t20222022xr nnnng f n cze | ||
| 015 | |a cnb003465871 | ||
| 024 | 3 | |a 8594050434509 | |
| 040 | |a ABA001 |b cze |e rda | ||
| 041 | 1 | |a cze |h pol | |
| 045 | |a x4x4 | ||
| 072 | 7 | |a 821.162.1 |x Polská literatura |2 Konspekt | |
| 080 | |a 821.162.1-31 |2 MRF | ||
| 080 | |a 94(437.326)"1944" |2 MRF | ||
| 080 | |a (0:82-31) |2 MRF | ||
| 080 | |a (086.7)08 |2 MRF | ||
| 080 | |a (086.76) |2 MRF | ||
| 100 | 1 | |a Chlupová, Danuta, |d 1968- |7 ola20211104682 |4 aut |4 trl | |
| 240 | 1 | 0 | |a Blizna. |l Česky |7 aun20241226715 |
| 245 | 1 | 0 | |a Jizva / |c Danuta Chlupová |
| 264 | 1 | |a Praha : |b Voxi, |c [2022] | |
| 264 | 4 | |c ©2022 | |
| 300 | |a 1 audiodisk (6 hod., 39 min.) ; |c 12 cm | ||
| 306 | |a 063900 | ||
| 336 | |a mluvené slovo |b spw |2 rdacontent | ||
| 337 | |a audio |b s |2 rdamedia | ||
| 338 | |a audiodisk |b sd |2 rdacarrier | ||
| 344 | |a digital |b optical |2 rda | ||
| 347 | |a audio soubor |b MP3 |2 rda | ||
| 500 | |a Z polštiny přeložila autorka | ||
| 500 | |a Název z disku | ||
| 500 | |a Copyright Albatros Media | ||
| 500 | |a Nezkrácená audiokniha ve formátu MP3 | ||
| 508 | |a Režie Daniel Tůma | ||
| 511 | 0 | |a Čte Vanda Hybnerová | |
| 518 | |o Nahráno |d 2022 |p studio Karpofon (AudioStory), Praha | ||
| 520 | 2 | |a Román z česko-polského pomezí se sice odehrává v současnosti, zároveň ale připomíná tragické události, které se v období druhé světové války odehrály v Životicích, obci, která je dnes součástí Havířova. |b Katarzyně je přes čtyřicet a za celý život nevytáhla paty z rodného Polska. Teď však má pro svou firmu otevřít novou pobočku v Ostravě. Od studenta Martina, kterého zaměstná jako tlumočníka, se dozví o tragické historii blízké vesnice Životice. Katarzyna dojde k názoru, že dávný nacistický masakr může mít spojitost s její devadesátiletou tchyní. Na vlastní pěst rozjede pátrání - netuší ale, že pro vztahy v její rodině to může mít osudové následky. Nakladatelská anotace. | |
| 648 | 7 | |a 1944 |7 ch967320 |2 czenas | |
| 650 | 0 | 7 | |a životická tragédie (1944 : Životice, Havířov, Česko) |7 ph1134270 |2 czenas |
| 655 | 7 | |a polské romány |7 fd133084 |2 czenas | |
| 655 | 7 | |a audioknihy |7 fd119452 |2 czenas | |
| 655 | 7 | |a kompaktní disky |7 fd201991 |2 czenas | |
| 700 | 1 | |a Tůma, Daniel, |d 1978- |7 xx0131764 |4 drt | |
| 700 | 1 | |a Hybnerová, Vanda, |d 1968- |7 js20030106003 |4 nrt | |
| 900 | |a ABA001 |b 19 | ||
| 044 | |a xr | ||
| 505 | 0 | 0 | |t 01_Prolog (3 min., 14 sek.) |
| 505 | 0 | 0 | |t 02_Kapitola_prvni_Ukol (34 min., 20 sek.) |
| 505 | 0 | 0 | |t 03_Kapitola_druha_Pomocnik (34 min., 26 sek.) |
| 505 | 0 | 0 | |t 04_Kapitola_treti_Synove (38 min., 33 sek.) |
| 505 | 0 | 0 | |t 05_Kapitola_ctvrta_Zrada (29 min., 9 sek.) |
| 505 | 0 | 0 | |t 06_Kapitola_pata_Kamenna_matka (29 min., 13 sek.) |
| 505 | 0 | 0 | |t 07_Kapitola_sesta_Stopa (38 min., 49 sek.) |
| 505 | 0 | 0 | |t 08_Kapitola_sedma_Svedkyne (30 min., 52 sek.) |
| 505 | 0 | 0 | |t 09_Kapitola_osma_Nemoc (17 min., 0 sek.) |
| 505 | 0 | 0 | |t 10_Kapitola_devata_Dopis (30 min., 45 sek.) |
| 505 | 0 | 0 | |t 11_Kapitola_desata_Louceni (27 min., 39 sek.) |
| 505 | 0 | 0 | |t 12_Kapitola_jedenacta_Doznani (40 min., 36 sek.) |
| 505 | 0 | 0 | |t 13_Kapitola_dvanacta_Telefonat (11 min., 36 sek.) |
| 505 | 0 | 0 | |t 14_Kapitola_trinacta_Odchazeni (20 min., 50 sek.) |
| 505 | 0 | 0 | |t 15_Epilog (11 min., 52 sek.) |
| 505 | 0 | 0 | |t 16_Doslov (2 min., 2 sek.) |
| 910 | |a RBIT002 | ||
| 998 | |d 358242 |a https://core.palmknihy.cz/api/books/358242/cover?sia8tr |b https://core.palmknihy.cz/api/books/358242/cover/400?sia8tr |c https://core.palmknihy.cz/api/books/358242/cover/50?sia8tr |e 2031-12-31 |i 8594050434509 |l 23940 |q 49 |r 1 |s https://www.palmknihy.cz/kniha/358242 |t audiobook |y 2022 |z 0 | ||
| 999 | |d 313129 | ||